| 000 | 00490cam a2200193ua 4500 | ||
|---|---|---|---|
| 020 | _c50.00 | ||
| 041 |
_aeng _h |
||
| 082 |
_a635.9 _bPRA/HO |
||
| 100 | _aPratibha Trivedi, . | ||
| 245 |
_aHome gardening / _cPratibha Trivedi. _hTextual Documents |
||
| 260 |
_aNew Delhi : _bIndian Council for Agricultural Research , _c1996. |
||
| 300 | _a295 ; . | ||
| 365 | _a50.00 | ||
| 500 | _a** Reference | ||
| 504 | _a | ||
| 942 | _cBK | ||
| 999 |
_c2714 _d2714 |
||